Normal view MARC view
  • Nazeer, Ammar

Entry Personal Name

Number of records used in: 1

001 - CONTROL NUMBER

  • control field: 122759

003 - CONTROL NUMBER IDENTIFIER

  • control field: NUST

005 - DATE AND TIME OF LATEST TRANSACTION

  • control field: 20240521102304.0

008 - FIXED-LENGTH DATA ELEMENTS

  • fixed length control field: 240521|| aca||aabn | a|a d

040 ## - CATALOGING SOURCE

  • Original cataloging agency: NUST
  • Transcribing agency: NUST

100 ## - HEADING--PERSONAL NAME

  • Personal name: Nazeer, Ammar

670 ## - SOURCE DATA FOUND

  • Source citation: Work cat.: (NUST): Nazeer, Ammar , Hydrodynamic and Hydro acoustic analysis of marine Propeller /
© 2023 Central Library, National University of Sciences and Technology. All Rights Reserved.